Di sản Hồ Chí Minh về văn hóa, đạo đức
Giới thiệu tư tưởng Hồ Chí Minh về văn hóa, đạo đức là những giá trị tinh thần cao đẹp của dân tộc, của cách mạng. Những di sản của Người, mọi lý luận và hoạt động thực tiễn của Người nhằm xây dựng văn hoá - đạo đức Việt Nam có cô...
Saved in:
| Main Author: | |
|---|---|
| Format: | Book |
| Language: | Undetermined |
| Published: |
Hà Nội
Thông tin và Truyền thông
2015
|
| Subjects: | |
| Tags: |
Add Tag
No Tags, Be the first to tag this record!
|
| Institutions: | Trung tâm Học liệu Trường Đại học Cần Thơ |
|---|
| LEADER | 01180nam a2200205Ia 4500 | ||
|---|---|---|---|
| 001 | CTU_202947 | ||
| 008 | 210402s9999 xx 000 0 und d | ||
| 020 | |c 120000 | ||
| 082 | |a 324.2075092 | ||
| 082 | |b B312 | ||
| 100 | |a Trần, Văn Bính | ||
| 245 | 0 | |a Di sản Hồ Chí Minh về văn hóa, đạo đức | |
| 245 | 0 | |c Trần Văn Bính | |
| 260 | |a Hà Nội | ||
| 260 | |b Thông tin và Truyền thông | ||
| 260 | |c 2015 | ||
| 520 | |a Giới thiệu tư tưởng Hồ Chí Minh về văn hóa, đạo đức là những giá trị tinh thần cao đẹp của dân tộc, của cách mạng. Những di sản của Người, mọi lý luận và hoạt động thực tiễn của Người nhằm xây dựng văn hoá - đạo đức Việt Nam có cốt cách dân tộc và hiện đại giúp các thế hệ sau mãi mãi học tập và làm theo tấm gương đạo đức Hồ Chí Minh. | ||
| 650 | |a Communist ethics,Đạo dức người cộng sản | ||
| 904 | |i Nguyên | ||
| 980 | |a Trung tâm Học liệu Trường Đại học Cần Thơ | ||